| 000 | 00862cab a2200253 4500 | ||
|---|---|---|---|
| 001 | ABS60151 | ||
| 008 | 090401t1999 xxu||||| |||| 00| 0 eng d | ||
| 035 | _a(Sirsi) u91523 | ||
| 041 | _aeng | ||
| 100 | _aCavill, N. | ||
| 245 | _aGame over for lottery architects | ||
| 260 | _c1999 | ||
| 350 | _a0 | ||
| 490 |
_aBuilding _v264(8075) 19 February 1999, 22-24(3) |
||
| 520 | _aWinning lottery funding is no longer the glittering prize it once was for architects. Recent cuts in capital spending have halted many projects and left practices seriously out of pocket. (Taken from Journal headnote.) | ||
| 650 | _aARCHITECTS | ||
| 650 | _aCAPITAL PROJECT SPENDING | ||
| 650 | _aCAPITAL PROJECTS | ||
| 650 | _aLOTTERY FUNDING | ||
| 650 | _aLOTTERY PROJECTS | ||
| 690 | _aPROPERTY-PROPERTY FINANCE AND INVESTMENT | ||
| 942 | _n0 | ||
| 948 | _c23/02/1999 | ||
| 999 |
_c58101 _d58101 |
||